00922nam a2200205Ia 4500003000900000005001700009008004100026040003100067040001300098041000800111100004200119245006000161260003100221300001000252300001000262490004300272490000600315500010500321520029000426IT-RoPAU20220918175927.0120407s9999 xx 000 0 und d aIT-RoPAUc20140729095814.0 cIT-RoPAU aita a Esposito F. Rosario - Pierini Franco aLe Suore di Gesù Buon Pastore nella Famiglia Paolina. c1985aRoma bEd. Cicinelli a79 p. c24 cm aEstratto da un “Carisma Pastorale” v1 aEstratto da: Un carisma pastorale La proposta di Giacomo Alberione alle Suore di Gesù Buon Pastore aIndice La pastorale: opzione fondamentale nella vita e nel pensiero di Don G. Alberione, di Rosario F. Esposito Profilo storico delle Suore di Gesù Buon Pastore. Traccia di indagine, di Franco Pierini Lo specifico paolino delle Suore di Gesù Buon Pastore, di Rosario F. Esposito